Paroles - Une enfant - Charles Aznavour - Statistiques

Statistiques générales
  • Ce quiz a été pris 5 fois
  • Le résultat moyen est 129 sur 220
Statistiques - réponses
% Correct
à
100%
ces
100%
de
100%
Elle
100%
en
100%
enfant
100%
est
100%
grand
100%
je
100%
la
100%
le
100%
les
100%
ne
100%
Ne
100%
100%
pas
100%
Pour
100%
pour
100%
que
100%
Qui
100%
sa
100%
se
100%
ses
100%
si
100%
Son
100%
son
100%
un
100%
Une
100%
une
100%
amour
80%
au
80%
bien
80%
cet
80%
cœur
80%
du
80%
Et
80%
Mais
80%
monde
80%
par
80%
sur
80%
Ça
60%
comme
60%
dans
60%
il
60%
Il
60%
jour
60%
L'amour
60%
leur
60%
leurs
60%
Leurs
60%
parents
60%
tout
60%
vie
60%
ans
40%
avait
40%
cœurs
40%
deux
40%
Dieu
40%
dire
40%
Dont
40%
d'un
40%
d'une
40%
était
40%
garçon
40%
jamais
40%
même
40%
mondes
40%
n'est
40%
riche
40%
sans
40%
seize
40%
seul
40%
t'aime
40%
Tous
40%
yeux
40%
bohème
20%
bouleversant
20%
chemin
20%
Couchée
20%
Créateur
20%
crever
20%
devenait
20%
faisait
20%
l'âme
20%
Morte
20%
n'accepte
20%
printemps
20%
prison
20%
puis
20%
quartiers
20%
quitté
20%
saisons
20%
savait
20%
suivre
20%
trop
20%
Trop
20%
vivait
20%
Alors
0%
avaient
0%
battit
0%
berçait
0%
besoin
0%
cantique
0%
C’était
0%
connut
0%
contenir
0%
d’adresse
0%
d'espace
0%
douceur
0%
Emportant
0%
ensoleillés
0%
étant
0%
faim
0%
festin
0%
futur
0%
jeunesse
0%
juste
0%
laisser
0%
l'azur
0%
l’enfant
0%
magnifique
0%
miettes
0%
n'avaient
0%
Partirent
0%
péché
0%
perdait
0%
place
0%
présent
0%
quelques
0%
quitta
0%
restant
0%
retraite
0%
tel
0%
vivaient
0%
voulaient
0%
Aucun quiz correspondant
Distribution des résultats
% des personnes avec chaque résultat
Percentile par nombre de réponses
Votre historique - résultats
Vous n’avez pas pris ce quiz